Online
Catalog

Duelo de águilas : (Record no. 4767)

MARC details
000 -CABECERA
campo de control de longitud fija 00872nam a2200241 a 4500
001 - NÚMERO DE CONTROL
campo de control 000004961
005 - FECHA Y HORA DE LA ÚLTIMA TRANSACCIÓN
campo de control 20250612105738.0
008 - DATOS DE LONGITUD FIJA--INFORMACIÓN GENERAL
campo de control de longitud fija 090728s1969 sp ab 000 0 spa d
040 ## - FUENTE DE LA CATALOGACIÓN
Centro catalogador/agencia de origen DO-SdBNP
Lengua de catalogación spa
Centro/agencia transcriptor BNPHU
082 ## - NÚMERO DE LA CLASIFICACIÓN DECIMAL DEWEY
Número de clasificación 940.53
Número de documento/Ítem T755d
100 1# - ENTRADA PRINCIPAL--NOMBRE DE PERSONA
Nombre de persona Towsend, Peter
9 (RLIN) 14321
245 10 - MENCIÓN DE TÍTULO
Título Duelo de águilas :
Resto del título RAF contra LUFTWAFFE /
Mención de responsabilidad, etc. Peter Towsend ; traducción Domingo Pruna.
260 ## - PUBLICACIÓN, DISTRIBUCIÓN, ETC.
Lugar de publicación, distribución, etc. Barcelona :
Nombre del editor, distribuidor, etc. Plaza & Janes,
Fecha de publicación, distribución, etc. 1969.
300 ## - DESCRIPCIÓN FÍSICA
Extensión 526 p. :
Otras características físicas il., mapa ;
Dimensiones 22 cm.
500 ## - NOTA GENERAL
Nota general Incluye referencias bibliográficas y notas al pie de las páginas
504 ## - NOTA DE BIBLIOGRAFÍA, ETC.
Nota de bibliografía, etc. Bibliografía: p.507-509
650 #4 - PUNTO DE ACCESO ADICIONAL DE MATERIA--TÉRMINO DE MATERIA
Término de materia o nombre geográfico como elemento de entrada Gran bretaña royal air force
9 (RLIN) 14322
651 #4 - PUNTO DE ACCESO ADICIONAL DE MATERIA--NOMBRE GEOGRÁFICO
Nombre geográfico Alemania Luftwaffe
9 (RLIN) 14323
650 #0 - PUNTO DE ACCESO ADICIONAL DE MATERIA--TÉRMINO DE MATERIA
Término de materia o nombre geográfico como elemento de entrada Guerra Mundial, 1939-1945
9 (RLIN) 13822
650 #4 - PUNTO DE ACCESO ADICIONAL DE MATERIA--TÉRMINO DE MATERIA
Término de materia o nombre geográfico como elemento de entrada Operaciones aereas
9 (RLIN) 14325
651 #4 - PUNTO DE ACCESO ADICIONAL DE MATERIA--NOMBRE GEOGRÁFICO
Nombre geográfico Gran Bretaña
Subdivisión general Batalla De 1940
9 (RLIN) 14326
700 1# - PUNTO DE ACCESO ADICIONAL--NOMBRE DE PERSONA
Nombre de persona Pruna, Domingo,
Término indicativo de función/relación tr.
9 (RLIN) 14327
Holdings
Estado de retiro Estado de pérdida Restricciones de uso No para préstamo Código de colección Localización permanente Ubicación/localización actual Ubicación en estantería Fecha de adquisición Número de inventario Total de préstamos Signatura topográfica completa Código de barras Fecha visto por última vez Precio válido a partir de Tipo de ítem Koha
      Excluido de préstamo Monografías: Libros y Folletos General General En catalogación 28.07.2009 LF1   940.53 T755d 4961-10 25.06.2020 25.06.2020 No se presta

Powered by Koha